Practice Test for Verbal Reasoning (Record no. 4142)

MARC details
000 -LEADER
fixed length control field 00404nam a22001697a 4500
005 - DATE AND TIME OF LATEST TRANSACTION
control field 20260331170023.0
008 - FIXED-LENGTH DATA ELEMENTS--GENERAL INFORMATION
fixed length control field 160627b xxu||||| |||| 00| 0 eng d
020 ## - INTERNATIONAL STANDARD BOOK NUMBER
ISBN 0-340-81235-4
041 ## - LANGUAGE CODE
Language code of text/sound track or separate title eng
082 ## - DEWEY DECIMAL CLASSIFICATION NUMBER
Item number 153.93
100 ## - MAIN ENTRY--AUTHOR NAME
Personal name Kourdi, Jermy
245 ## - TITLE STATEMENT
Title Practice Test for Verbal Reasoning
260 ## - PUBLICATION, DISTRIBUTION, ETC. (IMPRINT)
Name of publisher Hodder and Stoughton
Year of publication 2008
300 ## - PHYSICAL DESCRIPTION
Number of Pages 171
650 ## - SUBJECT ADDED ENTRY--TOPICAL TERM
Topical Term Management
942 ## - ADDED ENTRY ELEMENTS (KOHA)
Koha item type Books
Holdings
Lost status Damaged status Home library Current library Shelving location Date acquired Full call number Accession Number Koha item type
    JRU Library JRU Library SHELF-102-H 27/06/2016 153.93 10393 Books